[Event "URU-ch Semi Final 2020"]
[Site "Montevideo"]
[Date "2020.02.23"]
[Round "4.15"]
[White "Zaruski, Julio"]
[Black "Campora, Edgardo"]
[Result "1/2-1/2"]
[WhiteElo "1822"]
[BlackElo "1676"]
[Annotator "NA"]
[PlyCount "112"]
[EventDate "2020.02.22"]
[EventType "swiss"]
[EventCountry "URU"]
[SourceTitle "playchess.com"]
[Source "ChessBase"]
[SourceQuality "1"]
[TimeControl "5400+30"]

1. Nf3 {[%emt 0:00:00]} Nf6 {[%emt 0:06:23]} 2. b3 {[%emt 0:00:00]} g6 {[%emt 0:00:54]} 3. Bb2 {[%emt 0:00:00]} Bg7 {[%emt 0:00:07]} 4. e3 {[%emt 0:00:09]} O-O {[%emt 0:00:32]} 5. Be2 {[%emt 0:00:09]} b6 {[%emt 0:10:59]} 6. O-O {[%emt 0:00:16]} Bb7 {[%emt 0:00:05]} 7. d3 {[%emt 0:00:34]} c5 {[%emt 0:01:28]} 8. Nbd2 {[%emt 0:00:19]} d5 {[%emt 0:01:50]} 9. c4 {[%emt 0:02:41]} e6 {[%emt 0:01:01]} 10. Rc1 {[%emt 0:01:45]} Nbd7 {[%emt 0:10:08]} 11. cxd5 {[%emt 0:01:30]} exd5 {[%emt 0:01:23]} 12. Re1 {[%emt 0:06:20]} Re8 {[%emt 0:08:27]} 13. Bf1 {[%emt 0:00:09]} Rc8 {[%emt 0:00:48]} 14. g3 {[%emt 0:00:08]} Ba6 {[%emt 0:14:38]} 15. e4 {[%emt 0:04:41]} Bb7 {[%emt 0:09:28]} 16. exd5 {[%emt 0:00:37]} Rxe1 {[%emt 0:00:38]} 17. Qxe1 {[%emt 0:00:35]} Nxd5 {[%emt 0:00:49]} 18. Bxg7 Kxg7 19. d4 {[%emt 0:01:41]} cxd4 {[%emt 0:07:38]} 20. Rxc8 {[%emt 0:00:09]} Bxc8 {[%emt 0:03:18]} 21. Nxd4 {[%emt 0:00:09]} Qf6 {[%emt 0:02:12]} 22. N2f3 {[%emt 0:03:26]} Ne7 {[%emt 0:09:24]} 23. Bg2 {[%emt 0:04:16]} Nf5 {[%emt 0:05:00]} 24. Qc3 {[%emt 0:03:33]} Nxd4 {[%emt 0:03:55]} 25. Qxd4 {[%emt 0:08:56]} Nc5 {[%emt 0:00:44]} 26. Qxf6+ {[%emt 0:02:19]} Kxf6 {[%emt 0:00:02]} 27. Nd4 {[%emt 0:00:14]} Bd7 {[%emt 0:01:01]} 28. Kf1 {[%emt 0:01:38]} Ne6 {[%emt 0:00:32]} 29. Nc6 {[%emt 0:00:27]} a5 {[%emt 0:00:09]} 30. a3 {[%emt 0:01:13]} Nc5 {[%emt 0:00:30]} 31. b4 {[%emt 0:00:16]} axb4 {[%emt 0:00:05]} 32. Nxb4 {[%emt 0:00:21]} Bb5+ {[%emt 0:00:50]} 33. Ke1 {[%emt 0:00:13]} Nd3+ {[%emt 0:00:40]} 34. Nxd3 {[%emt 0:00:11]} Bxd3 {[%emt 0:00:02]} 35. Kd2 {[%emt 0:00:06]} Bb5 {[%emt 0:00:37]} 36. Bd5 {[%emt 0:00:20]} Be8 {[%emt 0:00:16]} 37. f4 {[%emt 0:00:31]} Kf5 {[%emt 0:01:17]} 38. Bf3 {[%emt 0:01:18]} f6 {[%emt 0:00:18]} 39. Ke3 {[%emt 0:00:08]} g5 {[%emt 0:00:12]} 40. Be4+ {[%emt 0:00:54]} Kg4 {[%emt 0:00:57]} 41. Bxh7 {[%emt 0:01:05]} Kh3 {[%emt 0:00:02]} 42. fxg5 {[%emt 0:00:59]} fxg5 {[%emt 0:00:02]} 43. Kf3 {[%emt 0:06:51]} Kxh2 {[%emt 0:01:28]} 44. Kg4 {[%emt 0:00:06]} Bd7+ {[%emt 0:00:09]} 45. Kxg5 {[%emt 0:00:08]} Kxg3 {[%emt 0:00:02]} 46. Kf6 {[%emt 0:00:11]} Kf4 {[%emt 0:00:11]} 47. Ke7 {[%emt 0:00:07]} Ba4 {[%emt 0:00:07]} 48. Kd6 {[%emt 0:00:06]} Ke3 {[%emt 0:00:21]} 49. Kc7 {[%emt 0:00:19]} Kd4 {[%emt 0:00:05]} 50. Kxb6 {[%emt 0:00:10]} Kc3 {[%emt 0:00:07]} 51. Ka5 {[%emt 0:00:10]} Bd1 {[%emt 0:00:07]} 52. Bg8 {[%emt 0:00:26]} Bc2 {[%emt 0:00:13]} 53. Bf7 {[%emt 0:00:25]} Bd1 {[%emt 0:00:11]} 54. Be6 {[%emt 0:00:37]} Bc2 {[%emt 0:00:08]} 55. Kb5 {[%emt 0:00:49]} Bd1 {[%emt 0:00:10]} 56. a4 {[%emt 0:00:14]} Bxa4+ {[%emt 0:00:05]} 1/2-1/2

[Event "URU-ch Semi Final 2020"]
[Site "Montevideo"]
[Date "2020.02.23"]
[Round "4.16"]
[White "Davila Texeira, Mario"]
[Black "Blanco, Rudemar Ernesto"]
[Result "1-0"]
[WhiteElo "1819"]
[BlackElo "1470"]
[Annotator "NA"]
[PlyCount "133"]
[EventDate "2020.02.22"]
[EventType "swiss"]
[EventCountry "URU"]
[SourceTitle "playchess.com"]
[Source "ChessBase"]
[SourceQuality "1"]
[TimeControl "5400+30"]

1. Nf3 {[%emt 0:00:00]} Nf6 {[%emt 0:00:13]} 2. g3 {[%emt 0:00:00]} d5 {[%emt 0:01:29]} 3. b3 {[%emt 0:00:00]} Bf5 {[%emt 0:01:31]} 4. Bb2 {[%emt 0:00:00]} e6 {[%emt 0:00:13]} 5. Bg2 {[%emt 0:00:10]} c6 {[%emt 0:00:36]} 6. O-O {[%emt 0:00:16]} h6 {[%emt 0:00:34]} 7. d3 {[%emt 0:01:00]} Nbd7 8. Nbd2 {[%emt 0:00:26]} Be7 {[%emt 0:03:44]} 9. c4 {[%emt 0:00:07]} O-O {[%emt 0:03:26]} 10. h3 {[%emt 0:03:58]} Bh7 {[%emt 0:05:59]} 11. Re1 {[%emt 0:08:43]} Nc5 {[%emt 0:04:02]} 12. b4 {[%emt 0:01:12]} Ncd7 {[%emt 0:01:05]} 13. Qb3 {[%emt 0:00:41]} Rb8 {[%emt 0:01:54]} 14. a4 {[%emt 0:01:47]} a5 {[%emt 0:02:01]} 15. bxa5 {[%emt 0:04:39]} Qxa5 {[%emt 0:04:25]} 16. Bc3 {[%emt 0:03:59]} Qc7 {[%emt 0:00:19]} 17. Reb1 {[%emt 0:02:57]} Nc5 {[%emt 0:01:01]} 18. Qb2 {[%emt 0:01:53]} b6 {[%emt 0:00:37]} 19. Ne5 {[%emt 0:01:26]} Ncd7 {[%emt 0:01:00]} 20. Ndf3 {[%emt 0:02:22]} Bd6 {[%emt 0:02:18]} 21. Nxd7 Qxd7 {[%emt 0:03:42]} 22. Bxf6 {[%emt 0:00:47]} gxf6 {[%emt 0:02:39]} 23. cxd5 {[%emt 0:00:13]} cxd5 {[%emt 0:01:53]} 24. Qxf6 {[%emt 0:00:12]} Bg6 {[%emt 0:00:42]} 25. Ne5 {[%emt 0:02:31]} Qd8 {[%emt 0:02:04]} 26. Qxd8 Rbxd8 {[%emt 0:03:38]} 27. Nxg6 {[%emt 0:01:00]} fxg6 {[%emt 0:00:42]} 28. e3 {[%emt 0:01:40]} Rb8 {[%emt 0:00:51]} 29. d4 {[%emt 0:00:36]} Rfc8 {[%emt 0:00:16]} 30. Rc1 {[%emt 0:00:45]} Kf7 {[%emt 0:00:16]} 31. Bf1 {[%emt 0:00:04]} Ke7 {[%emt 0:02:12]} 32. Bd3 {[%emt 0:01:03]} g5 {[%emt 0:00:23]} 33. Ba6 {[%emt 0:01:11]} Rc7 {[%emt 0:00:54]} 34. Rxc7+ Bxc7 {[%emt 0:00:08]} 35. Rc1 {[%emt 0:00:36]} Bd6 {[%emt 0:03:14]} 36. Rc6 {[%emt 0:00:49]} Kd7 {[%emt 0:01:20]} 37. Bb5 {[%emt 0:00:03]} Ke7 {[%emt 0:00:16]} 38. Kg2 {[%emt 0:00:06]} h5 {[%emt 0:01:51]} 39. Be2 {[%emt 0:01:55]} h4 {[%emt 0:01:22]} 40. gxh4 gxh4 41. Bb5 {[%emt 0:02:46]} e5 {[%emt 0:03:03]} 42. dxe5 {[%emt 0:01:35]} Bxe5 {[%emt 0:00:10]} 43. Rh6 {[%emt 0:04:18]} Rg8+ {[%emt 0:02:36]} 44. Kf1 {[%emt 0:01:13]} Bf6 {[%emt 0:00:32]} 45. Bc6 {[%emt 0:02:54]} Ke6 {[%emt 0:02:33]} 46. Bxd5+ {[%emt 0:00:28]} Kxd5 {[%emt 0:00:22]} 47. Rxf6 {[%emt 0:00:01]} Ra8 {[%emt 0:01:03]} 48. Rxb6 {[%emt 0:00:10]} Rxa4 {[%emt 0:00:09]} 49. Rh6 {[%emt 0:00:13]} Ke5 {[%emt 0:00:51]} 50. Ke2 {[%emt 0:00:15]} Kf5 {[%emt 0:00:24]} 51. Kf3 {[%emt 0:01:20]} Rb4 {[%emt 0:01:32]} 52. Rd6 {[%emt 0:02:13]} Kg5 {[%emt 0:01:24]} 53. Rd5+ {[%emt 0:00:11]} Kg6 {[%emt 0:02:29]} 54. Rd4 {[%emt 0:00:02]} Rb7 {[%emt 0:02:49]} 55. Rxh4 {[%emt 0:00:06]} Kg5 {[%emt 0:00:15]} 56. Rg4+ {[%emt 0:00:09]} Kh5 {[%emt 0:00:23]} 57. Kg3 {[%emt 0:03:10]} Re7 {[%emt 0:00:41]} 58. e4 {[%emt 0:00:18]} Rb7 {[%emt 0:01:11]} 59. f3 {[%emt 0:00:22]} Re7 {[%emt 0:00:34]} 60. h4 {[%emt 0:00:16]} Rb7 {[%emt 0:00:29]} 61. Rg5+ Kh6 62. e5 {[%emt 0:01:43]} Ra7 {[%emt 0:01:00]} 63. f4 {[%emt 0:00:15]} Ra3+ {[%emt 0:00:15]} 64. Kg4 {[%emt 0:00:05]} Ra1 {[%emt 0:00:18]} 65. e6 {[%emt 0:00:32]} Re1 {[%emt 0:01:03]} 66. Kf5 {[%emt 0:00:23]} Re2 {[%emt 0:00:47]} 67. Kf6 1-0

[Event "URU-ch Semi Final 2020"]
[Site "Montevideo"]
[Date "2020.02.23"]
[Round "4.17"]
[White "Miraballes Lopez, Andres"]
[Black "De los Reyes, Mauro"]
[Result "1/2-1/2"]
[WhiteElo "1676"]
[BlackElo "1815"]
[Annotator "NA"]
[PlyCount "34"]
[EventDate "2020.02.22"]
[EventType "swiss"]
[EventCountry "URU"]
[SourceTitle "playchess.com"]
[Source "ChessBase"]
[SourceQuality "1"]
[TimeControl "5400+30"]

1. e4 {[%emt 0:04:01]} e5 {[%emt 0:00:00]} 2. Nf3 {[%emt 0:00:03]} Nc6 {[%emt 0:00:00]} 3. Bc4 {[%emt 0:00:03]} Nf6 {[%emt 0:00:00]} 4. c3 {[%emt 0:01:30]} d6 {[%emt 0:01:54]} 5. d3 {[%emt 0:01:02]} h6 {[%emt 0:00:23]} 6. Bb3 {[%emt 0:00:20]} Be7 {[%emt 0:01:42]} 7. O-O {[%emt 0:00:12]} Bg4 {[%emt 0:03:31]} 8. h3 {[%emt 0:01:32]} Be6 {[%emt 0:01:49]} 9. Bc2 {[%emt 0:00:50]} Qd7 {[%emt 0:02:07]} 10. Nbd2 {[%emt 0:13:57]} g5 {[%emt 0:06:49]} 11. d4 {[%emt 0:06:01]} exd4 {[%emt 0:02:16]} 12. cxd4 {[%emt 0:00:33]} d5 {[%emt 0:00:13]} 13. Ne5 {[%emt 0:06:19]} Nxe5 {[%emt 0:04:25]} 14. dxe5 {[%emt 0:00:08]} Nxe4 {[%emt 0:03:32]} 15. Nxe4 {[%emt 0:00:28]} dxe4 {[%emt 0:00:06]} 16. Qxd7+ {[%emt 0:00:31]} Bxd7 {[%emt 0:00:47]} 17. Bxe4 {[%emt 0:00:13]} O-O-O 1/2-1/2

[Event "URU-ch Semi Final 2020"]
[Site "Montevideo"]
[Date "2020.02.23"]
[Round "4.18"]
[White "Torales, Agustin"]
[Black "Larrea, Daniela"]
[Result "1/2-1/2"]
[WhiteElo "1623"]
[BlackElo "1757"]
[Annotator "NA RC"]
[PlyCount "54"]
[EventDate "2020.02.22"]
[EventType "swiss"]
[EventCountry "URU"]
[SourceTitle "playchess.com"]
[Source "ChessBase"]
[SourceQuality "1"]
[TimeControl "5400+30"]

1. e4 {[%emt 0:00:00]} c5 {[%emt 0:01:07]} 2. Nf3 {[%emt 0:00:00]} e6 {[%emt 0:00:19]} 3. d4 {[%emt 0:00:16]} cxd4 4. Nxd4 {[%emt 0:00:08]} Nf6 {[%emt 0:00:09]} 5. Nc3 {[%emt 0:00:13]} Nc6 {[%emt 0:00:20]} 6. a3 {[%emt 0:00:43]} d5 7. exd5 {[%emt 0:01:35]} Nxd5 {[%emt 0:02:43]} 8. Nxc6 {[%emt 0:00:16]} bxc6 {[%emt 0:00:05]} 9. Qf3 {[%emt 0:05:58]} Rb8 {[%emt 0:10:44]} 10. Be2 {[%emt 0:11:23]} Bb7 {[%emt 0:07:50]} 11. O-O {[%emt 0:05:32]} Qc7 {[%emt 0:00:19]} 12. Ne4 {[%emt 0:04:00]} Be7 {[%emt 0:02:27]} 13. Bd3 {[%emt 0:10:58]} Nf6 {[%emt 0:23:33]} 14. Re1 {[%emt 0:16:11]} Nxe4 {[%emt 0:06:52]} 15. Bxe4 {[%emt 0:02:35]} Bd6 {[%emt 0:00:51]} 16. Qh3 {[%emt 0:02:05]} h6 {[%emt 0:08:32]} 17. c3 {[%emt 0:06:10]} c5 {[%emt 0:03:00]} 18. b4 {[%emt 0:05:18]} a5 {[%emt 0:10:01]} 19. bxc5 {[%emt 0:07:09]} Bxc5 {[%emt 0:03:55]} 20. Bxb7 {[%emt 0:02:10]} Rxb7 {[%emt 0:03:57]} 21. Be3 {[%emt 0:00:07]} Bxe3 {[%emt 0:02:42]} 22. Qxe3 {[%emt 0:00:07]} O-O {[%emt 0:01:27]} 23. Rec1 Rc8 24. c4 {[%emt 0:05:10]} Qc5 {[%emt 0:01:21]} 25. Qxc5 {[%emt 0:03:27]} Rxc5 {[%emt 0:00:01]} 26. Rc3 {[%emt 0:00:12]} a4 27. Kf1 Rb2 {[%emt 0:03:46]} 1/2-1/2

[Event "URU-ch Semi Final 2020"]
[Site "Montevideo"]
[Date "2020.02.23"]
[Round "4.20"]
[White "Belbey, Juan"]
[Black "Manteiga, Franco"]
[Result "0-1"]
[WhiteElo "1611"]
[BlackElo "1703"]
[Annotator "NA"]
[PlyCount "122"]
[EventDate "2020.02.22"]
[EventType "swiss"]
[EventCountry "URU"]
[SourceTitle "playchess.com"]
[Source "ChessBase"]
[SourceQuality "1"]
[TimeControl "5400+30"]

1. d4 {[%emt 0:00:07]} Nf6 {[%emt 0:00:00]} 2. c4 {[%emt 0:00:21]} e6 {[%emt 0:00:00]} 3. f3 {[%emt 0:02:16]} d5 {[%emt 0:00:36]} 4. Nc3 {[%emt 0:00:21]} c5 {[%emt 0:12:01]} 5. Bg5 {[%emt 0:01:58]} cxd4 {[%emt 0:02:56]} 6. Qxd4 {[%emt 0:00:21]} Nc6 {[%emt 0:00:25]} 7. Qh4 {[%emt 0:00:28]} Be7 {[%emt 0:03:14]} 8. O-O-O {[%emt 0:00:37]} Qa5 {[%emt 0:02:49]} 9. e3 {[%emt 0:02:46]} h6 {[%emt 0:05:00]} 10. cxd5 {[%emt 0:00:25]} Nxd5 {[%emt 0:27:24]} 11. Bxe7 {[%emt 0:02:44]} Ndxe7 {[%emt 0:04:27]} 12. Bb5 O-O {[%emt 0:01:24]} 13. Nh3 {[%emt 0:02:51]} Nf5 {[%emt 0:03:53]} 14. Qe4 {[%emt 0:00:15]} Qb6 {[%emt 0:02:14]} 15. Rhe1 {[%emt 0:00:35]} a6 {[%emt 0:01:53]} 16. Bd3 {[%emt 0:00:13]} Qb4 {[%emt 0:07:42]} 17. g4 {[%emt 0:01:06]} Qxe4 {[%emt 0:00:08]} 18. Bxe4 {[%emt 0:00:17]} Nfe7 {[%emt 0:00:27]} 19. g5 {[%emt 0:00:19]} e5 {[%emt 0:02:05]} 20. gxh6 {[%emt 0:01:03]} Bxh3 {[%emt 0:00:34]} 21. hxg7 {[%emt 0:00:25]} Kxg7 {[%emt 0:01:18]} 22. Rd6 {[%emt 0:00:28]} f5 {[%emt 0:04:41]} 23. Bc2 {[%emt 0:00:48]} Rh8 {[%emt 0:04:39]} 24. Rg1+ {[%emt 0:01:08]} Kf7 {[%emt 0:02:24]} 25. Nd1 {[%emt 0:00:44]} Rad8 {[%emt 0:01:48]} 26. Bb3+ {[%emt 0:00:08]} Ke8 {[%emt 0:00:24]} 27. Rf6 {[%emt 0:00:55]} Kd7 {[%emt 0:02:52]} 28. Nf2 {[%emt 0:00:31]} Rh4 {[%emt 0:01:02]} 29. Kd2 {[%emt 0:00:25]} Kc7+ {[%emt 0:00:56]} 30. Ke2 {[%emt 0:00:08]} Rdh8 {[%emt 0:01:18]} 31. Be6 {[%emt 0:00:31]} R8h6 {[%emt 0:01:01]} 32. Rxh6 {[%emt 0:00:28]} Rxh6 {[%emt 0:00:03]} 33. Bb3 {[%emt 0:00:21]} e4 {[%emt 0:00:52]} 34. f4 {[%emt 0:01:04]} Bg4+ {[%emt 0:01:04]} 35. Nxg4 {[%emt 0:00:30]} fxg4 {[%emt 0:00:04]} 36. Rg2 {[%emt 0:00:16]} Kd6 {[%emt 0:00:31]} 37. Bc2 {[%emt 0:00:32]} Ke6 {[%emt 0:01:07]} 38. Bxe4 {[%emt 0:00:10]} Kf6 {[%emt 0:00:26]} 39. a3 {[%emt 0:00:27]} Rh3 {[%emt 0:00:33]} 40. Rxg4 {[%emt 0:00:23]} Rxh2+ {[%emt 0:00:19]} 41. Bg2 {[%emt 0:00:24]} Rh5 {[%emt 0:00:32]} 42. e4 {[%emt 0:00:58]} Rb5 {[%emt 0:00:23]} 43. b4 {[%emt 0:00:25]} a5 {[%emt 0:00:59]} 44. e5+ {[%emt 0:00:30]} Kf5 {[%emt 0:02:14]} 45. Rh4 {[%emt 0:00:32]} axb4 {[%emt 0:00:28]} 46. a4 {[%emt 0:00:25]} Ra5 {[%emt 0:00:29]} 47. Ke3 {[%emt 0:00:07]} Rxa4 {[%emt 0:00:41]} 48. Be4+ {[%emt 0:00:29]} Ke6 {[%emt 0:00:11]} 49. Rh6+ {[%emt 0:00:27]} Kf7 {[%emt 0:00:25]} 50. e6+ {[%emt 0:00:21]} Kg7 {[%emt 0:00:21]} 51. Rh7+ {[%emt 0:01:01]} Kg8 {[%emt 0:00:07]} 52. Rf7 {[%emt 0:00:35]} b3 {[%emt 0:01:23]} 53. f5 {[%emt 0:00:12]} Rxe4+ {[%emt 0:00:27]} 54. Kxe4 {[%emt 0:00:06]} b2 {[%emt 0:00:03]} 55. f6 {[%emt 0:00:41]} b1=Q+ {[%emt 0:00:04]} 56. Kf4 {[%emt 0:00:17]} Qb4+ {[%emt 0:00:09]} 57. Kg5 {[%emt 0:00:17]} Qd2+ {[%emt 0:00:15]} 58. Kh5 {[%emt 0:00:18]} Qd5+ {[%emt 0:00:20]} 59. Kh6 {[%emt 0:00:39]} Qxe6 {[%emt 0:00:25]} 60. Rg7+ {[%emt 0:00:17]} Kf8 {[%emt 0:00:06]} 61. Kh7 {[%emt 0:00:15]} Qh3# {[%emt 0:00:41]} 0-1

[Event "URU-ch Semi Final 2020"]
[Site "Montevideo"]
[Date "2020.02.23"]
[Round "4.21"]
[White "Amaral, Francisco"]
[Black "Svarcas, Anibal"]
[Result "1-0"]
[WhiteElo "1567"]
[BlackElo "1672"]
[Annotator "NA"]
[PlyCount "69"]
[EventDate "2020.02.22"]
[EventType "swiss"]
[EventCountry "URU"]
[SourceTitle "playchess.com"]
[Source "ChessBase"]
[SourceQuality "1"]
[TimeControl "5400+30"]

1. c4 c5 2. g3 g6 3. Bg2 Bg7 4. Nf3 Nf6 5. d4 cxd4 6. Nxd4 O-O 7. Nc3 e5 8. Ndb5 Nc6 9. O-O a6 10. Nd6 Qc7 11. Nce4 Nxe4 12. Bxe4 Nd4 13. e3 Qxd6 14. exd4 Qxd4 15. Qxd4 exd4 16. Bf4 Re8 17. Rae1 d6 18. Bxd6 {[%emt 0:13:12]} Bh3 {[%emt 0:25:04]} 19. Bg2 {[%emt 0:00:13]} Bxg2 {[%emt 0:00:56]} 20. Kxg2 {[%emt 0:00:07]} Red8 {[%emt 0:34:26]} 21. c5 {[%emt 0:05:49]} Bf8 22. Bxf8 {[%emt 0:00:25]} Kxf8 {[%emt 0:00:27]} 23. Rc1 {[%emt 0:01:59]} Rd5 {[%emt 0:04:28]} 24. Rfd1 {[%emt 0:01:47]} Ke7 25. Kf3 f5 {[%emt 0:01:01]} 26. Rc4 {[%emt 0:02:14]} Rad8 {[%emt 0:00:39]} 27. Ke2 {[%emt 0:00:12]} Kf6 {[%emt 0:01:47]} 28. h4 {[%emt 0:03:10]} d3+ {[%emt 0:04:39]} 29. Kd2 {[%emt 0:00:06]} Ke6 {[%emt 0:05:32]} 30. c6 {[%emt 0:00:56]} bxc6 {[%emt 0:01:43]} 31. Rxc6+ {[%emt 0:01:35]} Ke5 {[%emt 0:05:49]} 32. Re1+ {[%emt 0:00:39]} Kd4 {[%emt 0:00:21]} 33. Re3 {[%emt 0:00:44]} a5 {[%emt 0:00:25]} 34. Rxd3+ {[%emt 0:02:38]} Ke5 {[%emt 0:00:17]} 35. f4+ {Ke6} 1-0

[Event "URU-ch Semi Final 2020"]
[Site "Montevideo"]
[Date "2020.02.23"]
[Round "4.22"]
[White "Cayetano, Juan"]
[Black "Nakle, Gonzalo"]
[Result "1/2-1/2"]
[WhiteElo "1543"]
[BlackElo "1675"]
[Annotator "NA"]
[PlyCount "113"]
[EventDate "2020.02.22"]
[EventType "swiss"]
[EventCountry "URU"]
[SourceTitle "playchess.com"]
[Source "ChessBase"]
[SourceQuality "1"]
[TimeControl "5400+30"]

1. e4 {[%emt 0:00:00]} c5 2. Nf3 {[%emt 0:00:00]} e6 {[%emt 0:00:00]} 3. c3 {[%emt 0:00:55]} Nf6 {[%emt 0:00:00]} 4. e5 {[%emt 0:00:31]} Nd5 {[%emt 0:01:10]} 5. c4 {[%emt 0:01:40]} Nb6 {[%emt 0:00:24]} 6. Nc3 {[%emt 0:01:09]} Nc6 {[%emt 0:00:12]} 7. Bd3 {[%emt 0:02:11]} Qc7 {[%emt 0:00:05]} 8. Qe2 {[%emt 0:00:27]} a6 {[%emt 0:00:08]} 9. O-O {[%emt 0:00:24]} g6 {[%emt 0:00:04]} 10. b3 {[%emt 0:01:39]} Bg7 {[%emt 0:00:07]} 11. Re1 {[%emt 0:00:14]} O-O {[%emt 0:01:38]} 12. Bb2 {[%emt 0:00:16]} d5 {[%emt 0:00:22]} 13. exd6 {[%emt 0:03:03]} Qxd6 {[%emt 0:00:06]} 14. Ne4 {[%emt 0:00:39]} Qe7 {[%emt 0:01:57]} 15. Bxg7 {[%emt 0:00:27]} Kxg7 {[%emt 0:00:04]} 16. Qe3 {[%emt 0:00:50]} Nd7 {[%emt 0:00:25]} 17. a3 {[%emt 0:01:05]} h6 {[%emt 0:00:10]} 18. Bc2 {[%emt 0:00:33]} b6 {[%emt 0:00:21]} 19. d4 {[%emt 0:01:19]} cxd4 {[%emt 0:01:48]} 20. Nxd4 {[%emt 0:00:14]} Nxd4 {[%emt 0:00:16]} 21. Qxd4+ {[%emt 0:00:12]} e5 {[%emt 0:00:02]} 22. Qc3 {[%emt 0:03:50]} Bb7 {[%emt 0:00:14]} 23. Rad1 {[%emt 0:01:07]} Bxe4 {[%emt 0:02:28]} 24. Bxe4 {[%emt 0:01:38]} Rad8 {[%emt 0:00:33]} 25. Qb2 {[%emt 0:01:19]} Nc5 {[%emt 0:00:54]} 26. Bd5 {[%emt 0:01:10]} f6 {[%emt 0:00:36]} 27. b4 {[%emt 0:01:02]} Ne6 {[%emt 0:00:09]} 28. Rd2 {[%emt 0:00:55]} Nf4 {[%emt 0:00:08]} 29. Red1 {[%emt 0:00:32]} Qd7 {[%emt 0:00:30]} 30. Qc2 {[%emt 0:02:31]} Qg4 {[%emt 0:00:45]} 31. Bf3 {[%emt 0:04:23]} Qc8 {[%emt 0:01:22]} 32. Qe4 {[%emt 0:01:25]} Ne6 {[%emt 0:00:22]} 33. Bg4 {[%emt 0:04:19]} Rxd2 {[%emt 0:03:22]} 34. Rxd2 {[%emt 0:01:11]} Rd8 {[%emt 0:02:24]} 35. Rd5 {[%emt 0:01:59]} Rxd5 {[%emt 0:00:13]} 36. Qxd5 {[%emt 0:00:19]} Kf7 {[%emt 0:00:41]} 37. c5 {[%emt 0:02:15]} f5 {[%emt 0:00:07]} 38. Be2 {[%emt 0:00:31]} bxc5 {[%emt 0:00:05]} 39. Bc4 {[%emt 0:02:02]} cxb4 {[%emt 0:00:12]} 40. axb4 {[%emt 0:00:15]} e4 {[%emt 0:00:08]} 41. g3 {[%emt 0:01:49]} Ke7 {[%emt 0:05:26]} 42. Kg2 {[%emt 0:01:54]} Qd7 {[%emt 0:03:50]} 43. Qxd7+ {[%emt 0:00:11]} Kxd7 {[%emt 0:00:04]} 44. Bxa6 {[%emt 0:00:09]} Kc7 {[%emt 0:00:03]} 45. Bc4 {[%emt 0:00:13]} Nd4 {[%emt 0:00:13]} 46. h4 {[%emt 0:01:12]} g5 {[%emt 0:00:05]} 47. hxg5 {[%emt 0:00:49]} hxg5 {[%emt 0:00:04]} 48. Kf1 {[%emt 0:02:20]} Kd6 {[%emt 0:00:12]} 49. Kg2 {[%emt 0:04:41]} Nc2 {[%emt 0:00:05]} 50. b5 {[%emt 0:00:38]} Kc5 {[%emt 0:00:06]} 51. Be6 {[%emt 0:01:06]} Nd4 {[%emt 0:00:31]} 52. Bd7 {[%emt 0:00:08]} f4 {[%emt 0:00:05]} 53. gxf4 {[%emt 0:02:16]} gxf4 {[%emt 0:00:04]} 54. Be8 {[%emt 0:00:59]} Nxb5 {[%emt 0:00:43]} 55. Bg6 {[%emt 0:02:51]} Nc3 {[%emt 0:00:08]} 56. Bxe4 {[%emt 0:00:25]} Nxe4 57. Kf3 1/2-1/2

[Event "URU-ch Semi Final 2020"]
[Site "Montevideo"]
[Date "2020.02.23"]
[Round "4.23"]
[White "Lima Abadal, Nicolas"]
[Black "Bon, Charles"]
[Result "0-1"]
[WhiteElo "1646"]
[BlackElo "1614"]
[Annotator "NA RC"]
[PlyCount "84"]
[EventDate "2020.02.22"]
[EventType "swiss"]
[EventCountry "URU"]
[SourceTitle "playchess.com"]
[Source "ChessBase"]
[SourceQuality "1"]
[TimeControl "5400+30"]

1. e4 {[%emt 0:00:00]} c5 {[%emt 0:00:00]} 2. Nc3 {[%emt 0:00:00]} d6 {[%emt 0:00:11]} 3. Bb5+ {[%emt 0:00:00]} Bd7 {[%emt 0:00:17]} 4. Bxd7+ Qxd7 {[%emt 0:00:48]} 5. f4 {[%emt 0:00:40]} Nc6 {[%emt 0:01:58]} 6. Nf3 {[%emt 0:00:23]} Nf6 {[%emt 0:01:04]} 7. d3 {[%emt 0:00:21]} e6 {[%emt 0:00:48]} 8. O-O {[%emt 0:00:21]} Be7 {[%emt 0:00:06]} 9. Bd2 {[%emt 0:02:21]} O-O {[%emt 0:00:49]} 10. Qe1 {[%emt 0:03:24]} Rac8 {[%emt 0:02:38]} 11. Qg3 {[%emt 0:03:01]} Nd4 {[%emt 0:03:44]} 12. Rac1 {[%emt 0:01:48]} b5 {[%emt 0:00:45]} 13. Nxd4 {[%emt 0:04:49]} cxd4 {[%emt 0:00:27]} 14. Ne2 {[%emt 0:00:09]} e5 {[%emt 0:02:56]} 15. fxe5 {[%emt 0:00:21]} dxe5 {[%emt 0:00:12]} 16. Qxe5 {[%emt 0:01:18]} Rfd8 {[%emt 0:02:27]} 17. Qf5 {[%emt 0:13:25]} Qc7 {[%emt 0:05:18]} 18. e5 {[%emt 0:08:33]} Rd5 {[%emt 0:05:49]} 19. Bf4 {[%emt 0:04:12]} Qc6 {[%emt 0:04:45]} 20. Bg5 {[%emt 0:12:47]} Re8 {[%emt 0:08:21]} 21. Qf4 {[%emt 0:10:29]} h6 {[%emt 0:09:02]} 22. Bxh6 {[%emt 0:00:43]} gxh6 {[%emt 0:00:14]} 23. exf6 {[%emt 0:00:18]} Rg5 {[%emt 0:01:27]} 24. Ng3 {[%emt 0:01:22]} Bd6 {[%emt 0:01:58]} 25. Qf3 {[%emt 0:00:59]} Qc7 {[%emt 0:01:14]} 26. c3 {[%emt 0:14:08]} dxc3 {[%emt 0:04:06]} 27. Rxc3 {[%emt 0:00:43]} Qb6+ {[%emt 0:03:07]} 28. Kh1 {[%emt 0:00:05]} Bxg3 {[%emt 0:01:06]} 29. hxg3 {[%emt 0:00:15]} Re3 {[%emt 0:01:41]} 30. Rc8+ {[%emt 0:01:01]} Kh7 {[%emt 0:00:32]} 31. Qc6 {[%emt 0:07:22]} Qd4 {[%emt 0:03:01]} 32. Rh8+ {[%emt 0:00:07]} Kxh8 {[%emt 0:04:55]} 33. Qc8+ {[%emt 0:00:20]} Rg8 {[%emt 0:00:14]} 34. Qh3 {[%emt 0:00:56]} Rg6 {[%emt 0:03:56]} 35. Qc8+ {[%emt 0:00:58]} Kh7 {[%emt 0:00:12]} 36. Qc7 {[%emt 0:01:27]} Rxf6 {[%emt 0:01:42]} 37. Rxf6 {[%emt 0:02:20]} Qxf6 {[%emt 0:00:03]} 38. Qxa7 {[%emt 0:00:36]} Rxg3 {[%emt 0:01:22]} 39. Qb7 {[%emt 0:00:27]} Qf1+ {[%emt 0:00:37]} 40. Kh2 {[%emt 0:00:07]} Qf4 {[%emt 0:01:01]} 41. Kg1 {[%emt 0:00:22]} Rxd3 {[%emt 0:00:55]} 42. Qe7 {[%emt 0:01:38]} Rd1+ {[%emt 0:00:35]} 0-1

[Event "URU-ch Semi Final 2020"]
[Site "Montevideo"]
[Date "2020.02.23"]
[Round "5.1"]
[White "Larrea, Manuel"]
[Black "Carbone, Diego"]
[Result "1/2-1/2"]
[WhiteElo "2243"]
[BlackElo "2239"]
[Annotator "TA"]
[PlyCount "24"]
[EventDate "2020.02.22"]
[EventType "swiss"]
[EventCountry "URU"]
[SourceTitle "playchess.com"]
[Source "ChessBase"]
[SourceQuality "1"]

{[%evp 10,24,13,8,16,-11,-11,-8,-6,-4,-14,-28,-22,-45,-41,-47,-31]} 1. e4 e5 2. Nf3 Nc6 3. Bc4 Bc5 4. c3 Nf6 5. d3 d6 6. O-O a5 {[%cal Ba7a5,Ba5a4][%mdl 32] C54: Giuoco Piano: 4 c3 Nf6, main lines with 5 d4 and 5 d3.} 7. Be3 Bxe3 8. fxe3 O-O {The position is equal.} 9. Nbd2 Ne7 {[#]} 10. Bb3 $146 ({Predecessor:} 10. d4 Ng6 11. Bb3 b5 12. Bc2 a4 13. a3 c5 14. Bd3 Qb6 15. b4 c4 16. Bc2 {0-1 (40) Zambrana,O (2440)-Anton Guijarro,D (2678) Linares 2019}) 10... Ng6 11. Qe1 a4 12. Bc2 c6 {Black did not feel at home in the position after the opening.} 1/2-1/2